[Event "9. Miedzynardowy Turniej Klubu Polonia Wroclaw<br/>Turniej OPEN"]
[Site "Wroclaw"]
[Date "2014-07-05"]
[Round "4.15"]
[White "Banasik, Krzysztof"]
[Black "Paczka, Patryk"]
[Result "1/2-1/2"]
[WhiteTitle "k"]
[BlackTitle "II+"]
[WhiteElo "2292"]
[BlackElo "1815"]

1. e4 c5 2. Nf3 d6 3. Bc4 Nf6 4. d3 Nc6 5. O-O g6 6. Re1 Bg4 7. Nbd2 Qc8 8. h3
Bh5 9. c3 Bg7 10. Bb3 O-O 11. Nf1 Bxf3 12. Qxf3 b5 13. Qd1 a5 14. a4 b4 15. f4
Nd7 16. Bd2 Rb8 17. Ne3 e6 18. Rb1 Nb6 19. Rf1 Rd8 20. f5 d5 21. f6 Bf8 22. Qe1
dxe4 23. Ng4 Rxd3 24. Bc2 c4 25. Bxd3 exd3 26. Qh4 Qe8 27. Rbe1 Nd5 28. Re4 bxc3
29. bxc3 Rb2 30. Bh6 Re2 31. Rxc4 Ne5 32. Bxf8 Nxg4 33. Qxg4 Qxf8 34. Rb1 Nxf6
35. Qf3 Qe7 36. Qxd3 Qa7+ 37. Qd4 Qa8 38. Rc8+ Qxc8 39. Qxf6 Qa8 40. Qg5 Qe4 41.
Rb5 Qxa4 42. Rb8+ Kg7 43. Qd8 Qc6 44. Qf8+ Kf6 45. Qd8+ Kg7 46. Qf8+ Kf6 47. Qd8+
Kf5 1/2-1/2

[Event "9. Miedzynardowy Turniej Klubu Polonia Wroclaw<br/>Turniej OPEN"]
[Site "Wroclaw"]
[Date "2014-07-05"]
[Round "4.16"]
[White "Djuric, Stefan"]
[Black "Korpalski, Maciej"]
[Result "1-0"]
[WhiteTitle "GM"]
[BlackTitle "II+"]
[WhiteElo "2393"]
[BlackElo "1745"]

1. d4 Nf6 2. c4 g6 3. Nc3 Bg7 4. e4 d6 5. Nf3 O-O 6. Be2 e5 7. d5 a5 8. Qc2 Na6
9. Nd2 Nc5 10. Nb3 Qe7 11. Nxc5 dxc5 12. Bg5 h6 13. Bh4 g5 14. Bg3 Bg4 15. Bxg4
Nxg4 16. f3 Nf6 17. Bf2 Nh5 18. O-O Nf4 19. Nd1 b6 20. Ne3 Kh8 21. Rad1 Qf6 22.
Be1 Rfe8 23. Bc3 Qg6 24. g3 Nh5 25. Nf5 Rad8 26. Qa4 g4 27. d6 gxf3 28. dxc7 Ra8
29. Qxe8+ Rxe8 30. Rd8 Qc6 31. Rxe8+ Qxe8 32. Nd6 1-0

[Event "9. Miedzynardowy Turniej Klubu Polonia Wroclaw<br/>Turniej OPEN"]
[Site "Wroclaw"]
[Date "2014-07-05"]
[Round "4.17"]
[White "Logallo, Claudio"]
[Black "Drozd, Lukasz"]
[Result "1/2-1/2"]
[WhiteTitle ""]
[BlackTitle "I"]
[WhiteElo "2074"]
[BlackElo "1761"]

1. e4 c5 2. Nc3 Nc6 3. f4 g6 4. Nf3 Bg7 5. Bb5 Nd4 6. O-O Qa5 7. a4 a6 8. Bc4 e6
9. e5 b5 10. Bd3 f5 11. Nxd4 cxd4 12. Ne2 Ne7 13. b3 b4 14. Bb2 Nc6 15. Qe1 Qb6
16. Qf2 Bf8 17. Bc4 1/2-1/2

[Event "9. Miedzynardowy Turniej Klubu Polonia Wroclaw<br/>Turniej OPEN"]
[Site "Wroclaw"]
[Date "2014-07-05"]
[Round "4.18"]
[White "Wasylkiewicz, Andrzej"]
[Black "Puszczewicz, Krzysztof"]
[Result "0-1"]
[WhiteTitle "I"]
[BlackTitle "k"]
[WhiteElo "1785"]
[BlackElo "2026"]

1. e4 c5 2. Nc3 Nc6 3. g3 g6 4. Bg2 Bg7 5. d3 e6 6. Be3 Nd4 7. Qd2 Ne7 8. Nge2
d5 9. Nd1 e5 10. Nxd4 cxd4 11. Bh6 O-O 12. h4 f6 13. Bxg7 Kxg7 14. h5 g5 15. h6+
Kh8 16. f4 gxf4 17. gxf4 Ng6 18. f5 Nf4 19. Bf3 Rg8 20. Nf2 Rg3 21. Qd1 Qg8 22.
Ng4 dxe4 23. dxe4 Nh3 24. Qe2 Ng1 25. Nxf6 Qg5 26. Qb5 Nxf3+ 27. Kf1 Nd2+ 28.
Ke1 Qe3+ 29. Kd1 Qf3+ 30. Kxd2 Qf4+ 31. Kd1 Qf3+ 32. Qe2 Qxh1+ 33. Kd2 Qxh6+ 0-1

[Event "9. Miedzynardowy Turniej Klubu Polonia Wroclaw<br/>Turniej OPEN"]
[Site "Wroclaw"]
[Date "2014-07-05"]
[Round "4.19"]
[White "Ochowicz, Jakub"]
[Black "Starczewska, Dominika"]
[Result "0-1"]
[WhiteTitle "II"]
[BlackTitle "k"]
[WhiteElo "1692"]
[BlackElo "1981"]

1. e4 c5 2. Nf3 Nc6 3. d4 cxd4 4. Nxd4 g6 5. c4 Bg7 6. Be3 Nf6 7. Nc3 Ng4 8. Nxc6
Nxe3 9. Nxd8 Nxd1 10. Rxd1 Bxc3+ 11. bxc3 Kxd8 12. Bd3 b6 13. Kd2 d6 14. Ra1 Be6
15. Rhb1 Kc7 16. Rb2 Rhc8 17. Rab1 Kd7 18. Rb4 Rc5 19. Ke3 Rac8 20. Kd4 f6 21.
Rb5 R5c7 22. R1b4 Bf7 23. Ra4 Kc6 24. Rd5 e6 25. Rb5 Kb7 26. Rbb4 Rc5 27. Ke3
e5 28. Kd2 a6 29. f3 Ka7 30. Rb5 a5 31. Rxc5 Rxc5 32. g4 Ka6 33. h4 Be8 34. Ra3
a4 35. Bc2 Ka5 36. Kd3 Bd7 37. Ke3 Rxc4 38. Bd3 Rc8 39. Be2 b5 40. c4 bxc4 41.
Rc3 Be6 42. a3 Rb8 43. Bd1 Rb1 44. Kd2 Rb8 45. Bc2 Rg8 46. Re3 h5 47. gxh5 gxh5
48. Re2 Rg3 49. Re3 Rh3 50. f4 Rh2+ 51. Re2 c3+ 52. Ke3 exf4+ 0-1

[Event "9. Miedzynardowy Turniej Klubu Polonia Wroclaw<br/>Turniej OPEN"]
[Site "Wroclaw"]
[Date "2014-07-05"]
[Round "4.20"]
[White "White, John"]
[Black "Kaczmarczyk, Jakub"]
[Result "1-0"]
[WhiteTitle "II+"]
[BlackTitle "II"]
[WhiteElo "1973"]
[BlackElo "1506"]

1. e4 c6 2. d4 d5 3. exd5 cxd5 4. c4 Nf6 5. Nc3 e6 6. Nf3 Be7 7. cxd5 Nxd5 8. Bd3
O-O 9. O-O Nd7 10. Nxd5 exd5 11. Re1 Nf6 12. h3 h6 13. Bf4 Bd6 14. Ne5 Be6 15.
Qd2 Bxe5 16. Bxe5 Nd7 17. Bg3 Qf6 18. Rac1 Rac8 19. Qf4 Qxf4 20. Bxf4 a6 21. Kf1
Nb6 22. b3 Rxc1 23. Rxc1 Rc8 24. Rc5 Rxc5 25. dxc5 Nd7 26. b4 f6 27. c6 bxc6 28.
Bxa6 Ne5 29. Bxe5 fxe5 30. Bb7 Bd7 31. a4 Kf8 32. a5 c5 33. bxc5 Bb5+ 34. Ke1
Ke7 35. a6 Bxa6 36. Bxa6 Kd7 37. Bb7 Kc7 38. Bxd5 1-0

[Event "9. Miedzynardowy Turniej Klubu Polonia Wroclaw<br/>Turniej OPEN"]
[Site "Wroclaw"]
[Date "2014-07-05"]
[Round "4.21"]
[White "Dmochowska, Agnieszka"]
[Black "Dzikowski, Michal"]
[Result "1/2-1/2"]
[WhiteTitle "WCM"]
[BlackTitle "I"]
[WhiteElo "1876"]
[BlackElo "1968"]

1. d4 Nf6 2. c4 e6 3. Nc3 d5 4. Nf3 Nbd7 5. Bf4 c6 6. e3 Be7 7. Bd3 b6 8. O-O O-O
9. e4 dxe4 10. Nxe4 Nxe4 11. Bxe4 Bb7 12. Ne5 Nxe5 13. Bxe5 f5 14. Bf3 Bf6 15.
Re1 Qd7 16. Qe2 Rad8 17. Rad1 Qc8 18. b4 Bxe5 19. Qxe5 Rfe8 20. Qf4 Qb8 21. Re5
Qd6 22. b5 Ba8 23. bxc6 Bxc6 24. Bxc6 Qxc6 25. d5 exd5 26. cxd5 Rxe5 27. Qxe5
Qd7 28. d6 Kf7 29. Rc1 Qe6 30. Rc7+ Rd7 31. Rxd7+ Qxd7 32. h4 Qe6 33. Qd4 Qd7
34. Qe5 Qe6 35. Qd4 Qd7 1/2-1/2

[Event "9. Miedzynardowy Turniej Klubu Polonia Wroclaw<br/>Turniej OPEN"]
[Site "Wroclaw"]
[Date "2014-07-05"]
[Round "4.22"]
[White "Nowak, Kamil"]
[Black "Marko, Piotr"]
[Result "0-1"]
[WhiteTitle "I"]
[BlackTitle "II"]
[WhiteElo "1833"]
[BlackElo "1628"]

1. d4 Nf6 2. c4 g6 3. Nc3 d5 4. Nf3 Bg7 5. Qb3 dxc4 6. Qxc4 O-O 7. e4 Na6 8. Bf4
c5 9. d5 e6 10. d6 e5 11. Bxe5 Be6 12. Qa4 Nb4 13. Be2 a6 14. O-O b5 15. Qd1 Nc6
16. Qd2 Nxe5 17. Nxe5 b4 18. Na4 Nxe4 19. Qf4 Qxd6 20. Qxe4 Bxe5 21. Rfd1 Qc7
22. g3 Bf5 23. Qc4 Qc6 24. g4 Qxa4 25. gxf5 Bxb2 26. fxg6 Bxa1 27. gxf7+ Kh8 28.
Rxa1 Qc6 29. Rd1 Rxf7 30. Qxf7 Rg8+ 31. Bg4 Rxg4+ 32. Kf1 Qb5+ 33. Ke1 Re4+ 34.
Kd2 Qe2+ 35. Kc1 Rc4+ 36. Qxc4 Qxc4+ 37. Kb1 Qe4+ 38. Kc1 c4 39. Rd8+ Kg7 40.
Rd7+ Kf8 0-1

[Event "9. Miedzynardowy Turniej Klubu Polonia Wroclaw<br/>Turniej OPEN"]
[Site "Wroclaw"]
[Date "2014-07-05"]
[Round "4.23"]
[White "Jagiela, Piotr"]
[Black "Ilnicki, Tomasz"]
[Result "1/2-1/2"]
[WhiteTitle "I+"]
[BlackTitle "II"]
[WhiteElo "1750"]
[BlackElo "1449"]

1. d4 d5 2. Bf4 Bf5 3. e3 e6 4. g4 Bg6 5. h4 h6 6. h5 Bh7 7. Bd3 Bxd3 8. Qxd3 Bd6
9. Ne2 Nc6 10. a3 Nf6 11. f3 Qd7 12. Nbc3 a6 13. O-O-O Na5 14. Kb1 Nc4 15. e4
Bxf4 16. Nxf4 Nb6 17. exd5 Nfxd5 18. Nfxd5 Nxd5 19. Nxd5 Qxd5 20. c4 Qd6 21. Rhe1
O-O-O 22. Qe4 Rhe8 23. Kc2 Qe7 24. Re3 Rd7 25. Rb3 c6 26. Qe5 Qf6 27. Qxf6 gxf6
28. Re3 Red8 29. Red3 Kc7 30. Kc3 a5 31. b4 axb4+ 32. axb4 Ra8 33. Kb3 Rg8 34.
Kc3 Rg5 35. Rg1 f5 36. Rd2 Rd8 37. Rdg2 Rdg8 38. Kd3 fxg4 39. Rxg4 Rxg4 40. Rxg4
Rxg4 41. fxg4 f6 42. Ke3 b5 43. c5 Kd7 44. Kf4 Ke7 45. Ke4 Kd7 46. Kf4 Ke7 47.
Ke4 Kd7 48. Kf4 1/2-1/2

[Event "9. Miedzynardowy Turniej Klubu Polonia Wroclaw<br/>Turniej OPEN"]
[Site "Wroclaw"]
[Date "2014-07-05"]
[Round "4.24"]
[White "Kucharska, Honorata"]
[Black "Molenda, Mikolaj"]
[Result "1-0"]
[WhiteTitle "I+"]
[BlackTitle "II"]
[WhiteElo "1718"]
[BlackElo "1410"]

1. d4 Nf6 2. Nf3 g6 3. Bg5 Bg7 4. e3 c5 5. Bd3 cxd4 6. exd4 Nc6 7. c3 O-O 8. O-O
d5 9. Nbd2 Re8 10. Re1 Qc7 11. h3 a6 12. Nf1 Bd7 13. Ne3 e6 14. Bxf6 Bxf6 15.
Ng4 Bg7 16. Qd2 e5 17. Ngxe5 Nxe5 18. Nxe5 Bxe5 19. dxe5 Rxe5 20. Rxe5 Qxe5 21.
Re1 Qf6 22. Bc2 Bc6 23. Bb3 Rd8 24. Qd4 Qxd4 25. cxd4 Kf8 26. f4 f6 27. Kf2 Re8
28. Rxe8+ Kxe8 29. h4 f5 30. Ke3 Ke7 31. Kd3 Bb5+ 32. Kc3 Kd6 33. Kb4 b6 34. Bd1
Bc4 35. b3 Bd3 36. Kc3 Be4 37. g4 Ke6 38. g5 Kd6 39. h5 Ke6 40. h6 Ke7 41. Be2
Bb1 42. Bxa6 Kd6 43. Bb5 Ke7 44. a4 Be4 45. b4 Bf3 46. a5 bxa5 47. bxa5 Kd6 48.
Kb4 Bh5 49. a6 Kc7 50. Kc5 Bf3 51. Bc6 Kb8 52. Kb6 1-0

[Event "9. Miedzynardowy Turniej Klubu Polonia Wroclaw<br/>Turniej OPEN"]
[Site "Wroclaw"]
[Date "2014-07-05"]
[Round "4.25"]
[White "Kalinowska, Karolina"]
[Black "Knap, Jerzy"]
[Result "1-0"]
[WhiteTitle "I"]
[BlackTitle "I"]
[WhiteElo "1515"]
[BlackElo "1709"]

1. e4 e6 2. d4 d5 3. Nd2 c5 4. c3 Nc6 5. Ngf3 Nf6 6. e5 Nd7 7. Bd3 Qb6 8. Qb3 Qxb3
9. axb3 cxd4 10. cxd4 Nb4 11. Bb1 Be7 12. O-O O-O 13. Rd1 f6 14. h3 fxe5 15. Nxe5
Nxe5 16. dxe5 Bd7 17. Nf3 Bc5 18. Bd2 Bb5 19. Rc1 b6 20. Be1 a5 21. Ng5 g6 22.
Nxe6 Rfc8 23. Nxc5 Rxc5 24. Rxc5 bxc5 25. Bxb4 cxb4 26. Bc2 Kf7 27. Re1 Ke6 28.
Bd1 Bd3 29. Bg4+ Bf5 30. Bf3 Rc8 31. Rd1 Be4 32. Bg4+ Bf5 33. Bf3 Rc5 34. Re1
Rc2 35. Ra1 Rc5 36. Re1 d4 37. Bb7 Rxe5 38. Bc8+ Kd6 39. Rxe5 Kxe5 40. Bxf5 Kxf5
41. Kf1 Ke4 42. Ke2 h6 43. Kd2 g5 44. Ke2 h5 45. Kd2 g4 46. hxg4 hxg4 47. Ke2
Kf4 48. Kd3 Ke5 49. f3 gxf3 50. gxf3 Kf4 51. Kxd4 Kxf3 52. Kc4 Ke3 53. Kb5 Kd4
54. Kxa5 Kc5 55. Ka4 Kc6 56. Kxb4 Kb6 57. Kc4 Kc6 58. b4 Kb6 59. b5 Kc7 60. Kc5
Kb7 61. b6 Kb8 62. Kc6 Kc8 63. b7+ Kb8 64. b3 Ka7 65. Kc7 1-0

[Event "9. Miedzynardowy Turniej Klubu Polonia Wroclaw<br/>Turniej OPEN"]
[Site "Wroclaw"]
[Date "2014-07-05"]
[Round "4.26"]
[White "Rossienik, Wieslaw"]
[Black "Bieniek, Kazimierz"]
[Result "1/2-1/2"]
[WhiteTitle "II"]
[BlackTitle "II"]
[WhiteElo "1498"]
[BlackElo "1636"]

1. e4 c5 2. Nf3 Nc6 3. d4 cxd4 4. Nxd4 Qb6 5. Nb3 Nf6 6. Nc3 e6 7. Be3 Qc7 8. a3
a6 9. Be2 b5 10. Bc5 d6 11. Be3 Be7 12. O-O Bb7 13. f3 O-O 14. Qe1 Ne5 15. Qf2
Nc4 16. Bxc4 Qxc4 17. Na5 Qc8 18. Nxb7 Qxb7 19. Rfd1 Qc6 20. Rd2 Nd7 21. Bd4 Ne5
22. Bxe5 dxe5 23. Kh1 Bc5 24. Qe2 Bd4 25. Nd1 Rfd8 26. c3 Bb6 27. Nf2 Qc5 28.
Rad1 Rxd2 29. Rxd2 Kf8 30. g3 Ke7 31. Kg2 a5 32. Qd1 Rd8 33. Kf1 Rxd2 34. Qxd2
Qe3 35. Qxe3 Bxe3 36. Nd1 Bc1 37. Kf2 b4 38. cxb4 axb4 39. a4 Kd6 40. Ke2 Kc5
41. Kd3 h5 42. b3 Bg5 1/2-1/2

[Event "9. Miedzynardowy Turniej Klubu Polonia Wroclaw<br/>Turniej OPEN"]
[Site "Wroclaw"]
[Date "2014-07-05"]
[Round "4.28"]
[White "Musiala, Jakub"]
[Black "Kowalczyk, Mateusz"]
[Result "0-1"]
[WhiteTitle "II"]
[BlackTitle "II+"]
[WhiteElo "1394"]
[BlackElo "1608"]

1. e4 g6 2. d4 Bg7 3. Nf3 d6 4. Bd3 Bg4 5. c3 e5 6. d5 Ne7 7. h3 Bxf3 8. Qxf3 Nd7
9. Be3 O-O 10. g4 c6 11. c4 cxd5 12. cxd5 Rc8 13. Nd2 Nc5 14. Bxc5 Rxc5 15. Ke2
Qd7 16. Qg2 Bh6 17. g5 Bg7 18. h4 f5 19. f3 Rfc8 20. Qh3 Qa4 21. h5 Qd4 22. Rad1
Nxd5 23. exd5 Rxd5 24. f4 e4 25. Nxe4 Re8 26. Qe3 fxe4 27. Qxd4 exd3+ 28. Kxd3
Rxd4+ 29. Kc2 Rc8+ 30. Kb1 Rxf4 0-1

[Event "9. Miedzynardowy Turniej Klubu Polonia Wroclaw<br/>Turniej OPEN"]
[Site "Wroclaw"]
[Date "2014-07-05"]
[Round "4.29"]
[White "Szotkowski, David"]
[Black "Kosinski, Bartosz"]
[Result "0-1"]
[WhiteTitle "III"]
[BlackTitle "II"]
[WhiteElo "1369"]
[BlackElo "1539"]

1. e4 c5 2. Nc3 a6 3. f4 b5 4. Nf3 Bb7 5. d3 e6 6. g3 d5 7. Bg2 h5 8. exd5 exd5
9. Qe2+ Qe7 10. Qxe7+ Nxe7 11. O-O Nd7 12. Re1 f6 13. Bd2 O-O-O 14. Nh4 Rg8 15.
f5 g5 16. fxg6 Nxg6 17. Nxg6 Rxg6 18. Nxd5 Bxd5 19. Bxd5 Ne5 20. Be4 Rg8 21. Bf4
Bd6 22. Rad1 h4 23. c3 Nxd3 24. Bxd6 Nxe1 25. Bf5+ Kb7 26. Be4+ Kb6 27. Rxe1 Rxd6
28. Kf2 Rd2+ 29. Re2 Rxe2+ 30. Kxe2 hxg3 31. hxg3 Rxg3 32. Kf2 Rg4 33. Bf3 Rg7
34. Ke3 f5 35. Kf4 Rd7 0-1

[Event "9. Miedzynardowy Turniej Klubu Polonia Wroclaw<br/>Turniej OPEN"]
[Site "Wroclaw"]
[Date "2014-07-05"]
[Round "4.31"]
[White "Dytman, Radoslaw"]
[Black "Lascar, Radoslawa"]
[Result "0-1"]
[WhiteTitle "II"]
[BlackTitle "I"]
[WhiteElo "1231"]
[BlackElo "1705"]

1. e4 c5 2. Nf3 Nc6 3. d4 cxd4 4. Nxd4 Nf6 5. Nc3 e5 6. Nb3 Bb4 7. f3 d5 8. exd5
Nxd5 9. Bd2 O-O 10. Bb5 Nce7 11. Qe2 Qc7 12. Nxd5 Nxd5 13. Bxb4 Nxb4 14. O-O-O
Nxa2+ 15. Kb1 Nb4 16. Qe4 a5 17. c3 Na6 18. Rd5 Be6 19. Bd3 f5 20. Qxe5 Qxe5 21.
Rxe5 Bxb3 22. Rxa5 Nc7 23. Rc5 Nd5 24. Rb5 Ba2+ 25. Kc1 b6 26. g3 g6 27. Re1 Rfd8
28. Kc2 Rac8 29. Re5 Nf6 30. b3 Bb1+ 31. Kxb1 Rxd3 32. Re6 Nd5 33. Kb2 Rd2+ 34.
Ka3 Ra8+ 0-1

[Event "9. Miedzynardowy Turniej Klubu Polonia Wroclaw<br/>Turniej OPEN"]
[Site "Wroclaw"]
[Date "2014-07-05"]
[Round "4.32"]
[White "Lipski, Lukasz"]
[Black "Urban, Damian"]
[Result "1/2-1/2"]
[WhiteTitle "II+"]
[BlackTitle "II"]
[WhiteElo "1595"]
[BlackElo "1381"]

1. e4 e6 2. d4 d5 3. e5 c5 4. c3 Nc6 5. Nf3 Bd7 6. a3 Qb6 7. b4 cxd4 8. cxd4 Rc8
9. Be2 Nge7 10. O-O Nf5 11. Bb2 Be7 12. Qd2 O-O 13. Rd1 f6 14. Nc3 fxe5 15. Na4
Qd8 16. dxe5 Nxe5 17. Bxe5 Bxa4 18. Rdc1 a6 19. Rxc8 Qxc8 20. Rc1 Bc6 21. b5 axb5
22. Bxb5 Bxa3 23. Rc2 Qd7 24. Bxc6 bxc6 25. Qc3 Bd6 26. Qxc6 Qxc6 27. Rxc6 Bxe5
28. Nxe5 Nd4 29. Rd6 Rc8 30. f4 Ne2+ 31. Kf2 Nxf4 32. g3 Ng6 33. Nxg6 hxg6 34.
Rxe6 Kf7 35. Rd6 1/2-1/2

[Event "9. Miedzynardowy Turniej Klubu Polonia Wroclaw<br/>Turniej OPEN"]
[Site "Wroclaw"]
[Date "2014-07-05"]
[Round "5.1"]
[White "Kowalczyk, Rafal"]
[Black "Grabarczyk, Miroslaw"]
[Result "1/2-1/2"]
[WhiteTitle "k"]
[BlackTitle "GM"]
[WhiteElo "2200"]
[BlackElo "2469"]

1. e4 e5 2. Nf3 Nc6 3. d4 exd4 4. Nxd4 Bc5 5. Nb3 Be7 6. Nc3 Nf6 7. Be2 Bb4 8.
O-O Bxc3 9. bxc3 O-O 10. f3 d6 11. Qe1 Re8 12. Bg5 h6 13. Bh4 Ne5 14. Rd1 Ng6
15. Bf2 Qe7 16. Bb5 c6 17. Bd3 d5 18. exd5 Nxd5 19. Qxe7 Rxe7 20. Bc5 Re8 21.
Rfe1 Be6 22. Bd4 b6 23. c4 Nb4 24. c5 Nf4 25. Be4 f5 26. a3 fxe4 27. axb4 exf3
28. gxf3 Bd5 29. Be5 Nh3+ 30. Kg2 Ng5 31. Nd4 Rf8 32. Rd3 bxc5 33. bxc5 Rae8 34.
Ra3 a5 35. c4 Bxc4 36. h4 Nf7 37. Bg3 Rxe1 38. Bxe1 Bd5 39. Bxa5 Ne5 40. Bc7 Ng6
41. Kg3 Ne7 42. Bd6 Nf5+ 43. Nxf5 Rxf5 44. Ra8+ Kh7 45. f4 Rf7 46. Re8 Rb7 47.
Re3 Kg6 48. Be5 Kf5 49. h5 g6 50. hxg6 Kxg6 51. Bd6 Rb3 52. Rxb3 Bxb3 53. Kh4
Bd1 1/2-1/2

[Event "9. Miedzynardowy Turniej Klubu Polonia Wroclaw<br/>Turniej OPEN"]
[Site "Wroclaw"]
[Date "2014-07-05"]
[Round "5.2"]
[White "Zeberski, Jakub"]
[Black "Kubien, Jerzy"]
[Result "1/2-1/2"]
[WhiteTitle "IM"]
[BlackTitle "FM"]
[WhiteElo "2348"]
[BlackElo "2185"]

1. d4 d5 2. Nf3 Nf6 3. c4 e6 4. Nc3 c6 5. cxd5 exd5 6. Bg5 Be7 7. e3 Bf5 8. Bd3
Bxd3 9. Qxd3 Nbd7 10. O-O O-O 11. Rab1 a5 12. a3 Ne4 13. Bxe7 Qxe7 14. Ra1 1/2-1/2

[Event "9. Miedzynardowy Turniej Klubu Polonia Wroclaw<br/>Turniej OPEN"]
[Site "Wroclaw"]
[Date "2014-07-05"]
[Round "5.3"]
[White "Piotrowski, Przemyslaw"]
[Black "Szczepaniak, Lukasz"]
[Result "1-0"]
[WhiteTitle "k"]
[BlackTitle "I+"]
[WhiteElo "2132"]
[BlackElo "2055"]

1. Nf3 d5 2. d4 Nf6 3. g3 e6 4. Bg2 c5 5. c4 dxc4 6. Qa4+ Nc6 7. dxc5 Qa5+ 8. Qxa5
Nxa5 9. Bd2 Nc6 10. Na3 Bxc5 11. Nxc4 Ne4 12. O-O Nxd2 13. Nfxd2 O-O 14. Ne4 Be7
15. Rfd1 Rb8 16. Ned6 Rd8 17. Bxc6 bxc6 18. Nxc8 Rbxc8 19. Rac1 Kf8 20. Rxd8+
Rxd8 21. Ne5 c5 22. Nd3 Rb8 23. b3 Rc8 24. Rc4 a5 25. a3 Rb8 26. Nxc5 Rb5 27.
b4 Bxc5 28. bxc5 Ke7 29. c6 Kd8 30. c7+ Kc8 31. Kg2 Rb3 32. Ra4 Rb5 33. Rc4 Rb3
34. Ra4 Rb5 35. Rf4 Rf5 36. Rc4 Rb5 37. Rc3 h6 38. e3 g5 39. Kf3 Rf5+ 40. Ke2
Rb5 41. e4 Rb2+ 42. Ke3 a4 43. h4 Rb7 44. hxg5 hxg5 45. Kd4 Rb2 46. f4 gxf4 47.
gxf4 Rb7 48. Rc4 Rb3 49. Rxa4 Kxc7 50. Ke5 Kd7 51. Ra7+ Ke8 52. a4 Rb4 53. a5
Rc4 54. a6 Ra4 55. f5 exf5 56. exf5 Ra1 57. Kf6 Ra5 58. Re7+ Kd8 59. a7 Kc8 60.
a8=R+ Rxa8 61. Re8+ Kb7 62. Rxa8 Kxa8 63. Kxf7 Kb7 64. Ke7 1-0

[Event "9. Miedzynardowy Turniej Klubu Polonia Wroclaw<br/>Turniej OPEN"]
[Site "Wroclaw"]
[Date "2014-07-05"]
[Round "5.4"]
[White "Krokay, Urszula"]
[Black "Reza, Wojciech"]
[Result "1/2-1/2"]
[WhiteTitle "k"]
[BlackTitle "I++"]
[WhiteElo "1961"]
[BlackElo "2168"]

1. e4 e5 2. Nf3 Nc6 3. Bc4 Bc5 4. b4 Bxb4 5. c3 Be7 6. d4 d6 7. Qb3 Na5 8. Bxf7+
Kf8 9. Qa4 c6 10. Bxg8 Rxg8 11. dxe5 b5 12. Qd1 Qc7 13. Bf4 Nc4 14. exd6 Nxd6
15. Ng5 h6 16. Qf3 Ke8 17. Nf7 Be6 18. Nxd6+ Bxd6 19. Bxd6 Qxd6 20. O-O Rd8 21.
a4 Rd7 22. axb5 cxb5 23. Qh5+ g6 24. Qxb5 Rf8 25. Na3 Qc7 26. c4 Qf4 27. Nc2 Kf7
28. Ra3 Qxe4 29. Rf3+ Kg8 30. Rxf8+ Kxf8 31. Ne3 Kf7 1/2-1/2

[Event "9. Miedzynardowy Turniej Klubu Polonia Wroclaw<br/>Turniej OPEN"]
[Site "Wroclaw"]
[Date "2014-07-05"]
[Round "5.5"]
[White "Daniel, Damian"]
[Black "Szybka, Andrzej"]
[Result "1-0"]
[WhiteTitle "I"]
[BlackTitle "I++"]
[WhiteElo "1869"]
[BlackElo "2027"]

1. d4 d5 2. c4 e6 3. Nc3 Nf6 4. Nf3 c6 5. cxd5 exd5 6. Bg5 Be7 7. e3 O-O 8. Bd3
Nbd7 9. Qc2 Re8 10. O-O h6 11. Bh4 b6 12. Rfe1 Bb7 13. e4 dxe4 14. Nxe4 Nxe4 15.
Bxe7 Qxe7 16. Bxe4 Qd6 17. Rad1 Nf6 18. Ne5 Nxe4 19. Qxe4 Rad8 20. Qg4 Qe6 21.
Qf4 Qd5 22. Rd3 f6 23. Nf3 Rxe1+ 24. Nxe1 Ba6 25. Rg3 Qc4 26. h3 Rd7 27. Nf3 Qf1+
28. Kh2 Qxf2 29. Qb8+ Kh7 30. Qe8 Rc7 31. Qe4+ Kh8 32. Nh4 Qe2 33. Re3 Qh5 34.
Ng6+ Kg8 35. Qe8+ Kh7 36. Qe4 f5 37. Nf4 1-0

[Event "9. Miedzynardowy Turniej Klubu Polonia Wroclaw<br/>Turniej OPEN"]
[Site "Wroclaw"]
[Date "2014-07-05"]
[Round "5.6"]
[White "Weichhold, Pawel"]
[Black "Koszkul, Wojciech"]
[Result "1-0"]
[WhiteTitle "m"]
[BlackTitle "I+"]
[WhiteElo "2402"]
[BlackElo "1987"]

1. e4 c6 2. d4 d5 3. e5 Bf5 4. Nd2 e6 5. Nb3 c5 6. dxc5 Bxc5 7. Nxc5 Qa5+ 8. c3
Qxc5 9. Qa4+ Nd7 10. Nf3 Ne7 11. Nd4 a6 12. Nxf5 Nxf5 13. Bd3 Qc7 14. O-O Ne7
15. Re1 Ng6 16. f4 O-O 17. Bc2 Rac8 18. Qd4 Ne7 19. Be3 Nf5 20. Bxf5 exf5 21.
Qxd5 Nb6 22. Qd6 Nc4 23. Qxc7 Rxc7 24. Re2 Nxe3 25. Rxe3 Rd8 26. Rae1 Rc4 27.
g3 Rc6 28. Kf2 g6 29. Ke2 Rc7 30. Rd1 Rcd7 31. Red3 Rxd3 32. Rxd3 Re8 33. Rd6
Kf8 34. c4 Ke7 35. Rb6 Rb8 36. c5 Kd7 37. c6+ Kc7 38. Rxb7+ Rxb7 39. cxb7 Kxb7
40. Kd3 1-0

[Event "9. Miedzynardowy Turniej Klubu Polonia Wroclaw<br/>Turniej OPEN"]
[Site "Wroclaw"]
[Date "2014-07-05"]
[Round "5.7"]
[White "Kulas, Szymon"]
[Black "Djuric, Stefan"]
[Result "1/2-1/2"]
[WhiteTitle "I++"]
[BlackTitle "GM"]
[WhiteElo "2005"]
[BlackElo "2393"]

1. e4 c5 2. c3 d6 3. d4 Nd7 4. Nf3 e6 5. Bd3 Ngf6 6. O-O Be7 7. Bf4 a6 8. a4 b6
9. h3 Bb7 10. Nbd2 cxd4 11. cxd4 O-O 12. Qe2 Nh5 13. Bh2 g6 14. Nc4 d5 15. Nd6
Bxd6 16. Bxd6 dxe4 17. Bxe4 Bxe4 18. Qxe4 Re8 19. Qb7 Nhf6 20. Ne5 Nxe5 21. dxe5
Nd5 22. Rfd1 a5 23. Ra3 Qc8 24. Qxc8 Rexc8 25. Rad3 Rc2 26. b3 Rac8 27. g3 Kg7
28. Kf1 g5 29. Kg1 Kg6 30. Kf1 h5 31. Rd4 Rb2 32. R1d3 Rcc2 33. Rf3 Rb1+ 34. Kg2
Rcc1 35. Rfd3 Rh1 36. Bf8 Rbg1+ 37. Kf3 Rxh3 38. Rxd5 exd5 39. Rxd5 g4+ 40. Kf4
Rh2 41. Rd6+ Kh7 42. Rh6+ Kg8 43. Be7 Rxf2+ 44. Kg5 Rxg3 45. Rxb6 Kg7 46. Bf6+
Kh7 47. Rb8 Rxf6 48. exf6 Rc3 49. Rb5 g3 50. Kh4 Kg6 51. Rxa5 Rxb3 52. Rg5+ Kxf6
53. Rxg3 Rb4+ 54. Kxh5 Rxa4 55. Rf3+ Ke6 56. Kg5 Ra5+ 57. Kg4 f5+ 58. Kg5 Re5
59. Ra3 Rd5 60. Re3+ Re5 61. Ra3 1/2-1/2

[Event "9. Miedzynardowy Turniej Klubu Polonia Wroclaw<br/>Turniej OPEN"]
[Site "Wroclaw"]
[Date "2014-07-05"]
[Round "5.8"]
[White "Janocha, Wieslaw"]
[Black "Starczewska, Dominika"]
[Result "0-1"]
[WhiteTitle "FM"]
[BlackTitle "k"]
[WhiteElo "2291"]
[BlackElo "1981"]

1. e4 c5 2. Nc3 Nc6 3. f4 g6 4. Nf3 Bg7 5. Bc4 Na5 6. Be2 d6 7. O-O Nf6 8. d4 cxd4
9. Nxd4 O-O 10. Be3 Bd7 11. e5 Ne8 12. Nf3 Be6 13. Ne4 Nc4 14. Bd4 dxe5 15. Nxe5
Nxe5 16. fxe5 Qc7 17. Ng5 Bxe5 18. Nxe6 Bxh2+ 19. Kh1 fxe6 20. Rxf8+ Kxf8 21.
Qf1+ Kg8 22. Bc4 Ng7 23. Qe2 Qf4 24. Bxe6+ Kh8 25. Qc4 Qh6 26. Bxg7+ Kxg7 27.
Qd4+ Be5+ 0-1

[Event "9. Miedzynardowy Turniej Klubu Polonia Wroclaw<br/>Turniej OPEN"]
[Site "Wroclaw"]
[Date "2014-07-05"]
[Round "5.9"]
[White "Kolasinski, Krzysztof"]
[Black "Dobrowolski, Aleksander"]
[Result "1-0"]
[WhiteTitle "I++"]
[BlackTitle "m"]
[WhiteElo "1991"]
[BlackElo "2281"]

1. Nf3 Nf6 2. c4 g6 3. g3 Bg7 4. Bg2 O-O 5. O-O c5 6. Nc3 d5 7. cxd5 Nxd5 8. Nxd5
Qxd5 9. d3 Nc6 10. Be3 Bd7 11. Nd4 Qd6 12. Nxc6 Bxc6 13. Bxc6 Qxc6 14. Rc1 Qa6
15. Rxc5 Qxa2 16. Rb5 b6 17. Qa1 Qe6 18. Qa6 Rfc8 19. Ra1 h5 20. Qb7 h4 21. Rxb6
Qg4 22. Rb4 Qxe2 23. Rxh4 Bf6 24. Rb4 Kg7 25. d4 a5 26. Rb5 a4 27. Rb4 Rh8 28.
Qe4 Qh5 29. h4 g5 30. Rb5 Qe2 31. Rc5 1-0

[Event "9. Miedzynardowy Turniej Klubu Polonia Wroclaw<br/>Turniej OPEN"]
[Site "Wroclaw"]
[Date "2014-07-05"]
[Round "5.10"]
[White "Paczka, Patryk"]
[Black "Grossmann, Ryszard"]
[Result "1-0"]
[WhiteTitle "II+"]
[BlackTitle "FM"]
[WhiteElo "1815"]
[BlackElo "2150"]

1. e4 d5 2. exd5 Qxd5 3. Nc3 Qd8 4. d4 Nf6 5. Bc4 e6 6. Bg5 Be7 7. Nf3 c6 8. O-O
Nbd7 9. Re1 Nb6 10. Bb3 O-O 11. Qe2 Nbd5 12. Nxd5 cxd5 13. c3 Bd7 14. Ne5 Ne4
15. Bxe7 Qxe7 16. Bc2 Nf6 17. Qd3 g6 18. Qh3 Kg7 19. Re3 Be8 20. f4 Qd6 21. Rf1
Ng8 22. f5 exf5 23. Rxf5 a5 24. Rf2 b5 25. Qf3 Ra7 26. Nd3 Bd7 27. Nc5 b4 28.
cxb4 axb4 29. Bb3 Bc6 30. Re6 Qc7 31. Re5 Raa8 32. Bxd5 Bxd5 33. Qxd5 h5 34. Qc4
Rab8 35. Ne6+ 1-0